Malaysia city for ageing population(MCAP): Framework and strategies

Bibliographic Details
Main Authors: Kushairi Rashid (Author), Azman Abdul Aziz (Author), Izrahayu Che Hashim (Author), Thuraiya Mohd (Author), Zulkarnain Hazim (Author), Siti Noorhawa Azyze Ellah Azyze (Author)
Format: Book
Language:English
Subjects:

MARC

LEADER 00000cam a2200000 7i4500
001 0000029851
005 20241129.0
008 220524 my a eng
040 |a INS   |b eng   |c INS   |e rda 
090 0 0 |a Research 365   |b 2020 
100 0 |a Kushairi Rashid ,   |e author 
245 1 0 |a Malaysia city for ageing population(MCAP): Framework and strategies   |c Kushairi Rashid, Thuraiya Mohd, Zulkarnain Hazim, Azman Abdul Aziz, Izrahayu Che Hashim, Siti Noorhawa Azyze Ellah Azyze 
264 0 |c 2020 
300 |a x,102 pages :   |b illustrations ;   |c 30 cm. 
336 |a text  |2 rdacontent 
337 |a unmediated  |2 rdamedia 
338 |a volume  |2 rdacarrier 
650 0 |a City planning 
650 0 |a Older people   |x Housing 
650 0 |a Population aging 
650 0 |a Retirement, Places of. 
700 0 |a Azman Abdul Aziz ,   |e author 
700 0 |a Izrahayu Che Hashim ,   |e author 
700 0 |a Thuraiya Mohd ,   |e author 
700 0 |a Zulkarnain Hazim ,   |e author 
700 1 |a Kushairi Rashid, ,   |e author 
700 1 |a Siti Noorhawa Azyze Ellah Azyze ,   |e author 
999 |a RES0000635   |b BOOK   |c Research By JPPH Staff   |e Default branch